000 00377nam a2200145Ia 4500
003 GCL
008 140319s9999 xx 000 0 eng d
040 _aGCL /
_cGCL
082 0 4 _a700.30
_bC D
100 1 _aCRAFLON, IAN
245 1 0 _aA DICTIONARY OF ART QUOTATIONS /
_cCRAFLON, IAN
260 _a[S.N] :
_bSCHIRMER BOOKS
650 0 4 _aART QUOTATIONS MEXIMAL
942 _2ddc
_cBK
999 _c17235
_d17235